000 01003pab a2200217 454500
008 180718b1995 xxu||||| |||| 00| 0 eng d
100 _aPanth, Ananth S.
245 _aFinances of Panchayati Raj institutions
260 _c1995
300 _ap.68-77.
362 _aJan-Mar
520 _a"Endorsing the need for greater financial autonomy of PRIs, the authors analyse: (a) recommendations made by various committees on PRI finances, (b) existing instruments of inter-governmental financial transfers to PRIs, and (c) various provisions made in the 73rd Constitutional Amendment Act regarding: (1) PRIs' resource mobilisation, (2) periodical review of their financial position, and (3) their audit and accounts to ensure smooth functioning of PRIs"
650 _aConstitution - Amendments - 73rd
650 _aIndia
650 _aPanchayat - India
650 _aPanchayat
700 _aBohra, Om Prakash
773 _aIndian Journal of Public Administration
908 _aN
909 _a29418
999 _c29418
_d29418